000 00697cab a2200169 4500
001 ##L131171
008 050727n2005 000 0 eng u
035 _a(Sirsi) u131171
041 0 _aeng
245 0 0 _aSpecial report: tourism real estate
260 _c2005
490 0 _aProperty Week
_v70(39) 30 September 2005, 83-88(6)
520 _aSpecial report focusing on investment in tourism related property. Includes a guide to the funds targeting the eastern European markets, in particular Bulgaria. Also looks a proposed development of St Helena in the Atlantic.
590 _aIKA111005
690 _aPROPERTY-COMMERCIAL PROPERTY-LEISURE PROPERTY-HOLIDAY AND GUEST PROPERTY
942 _n0
999 _c104658
_d104658